Revitalizácia pešej zóny na sídlisku Kopanice v Prievidzi

Saved in:
Bibliographic Details
Main Author: Šponiar, Filip (Author)
Other Authors: Zaťovičová, Miriam (Thesis advisor)
Format: Manuscript Book
Language:Slovak
Published: 2024
Subjects:
Online Access:http://is.stuba.sk/zp/portal_zp.pl?podrobnosti=168435
https://opac.crzp.sk/?fn=detailBiblioForm&sid=E866CA411CD4E51491BF8069BB2C
Tags: Add Tag
No Tags, Be the first to tag this record!

MARC

LEADER 00000ntm a22000003a 4500
001 stuzp98854
003 SK-STU
005 20240927135557.0
007 ta
008 150427s2015----xo-----f-mn---000-0-slo-d
040 |a STU  |b slo 
041 0 |a slo 
100 1 |a Šponiar, Filip  |u 010160  |4 aut  |U SvF Stavebná fakulta  |T SvF Katedra vodného hospodárstva krajiny  |X 115754  |U V160  |Y 16  |7 115754 
242 0 1 |a Revitalisation of the pedestrian zone in Kopanice district of Prievidza  |y eng 
245 1 0 |a Revitalizácia pešej zóny na sídlisku Kopanice v Prievidzi 
260 |c 2024 
650 4 |a revitalizácia  |2 slo 
650 4 |a biodiverzita v meste  |2 slo 
650 4 |a zelená infraštruktúra  |2 slo 
650 4 |a urban biodiversity  |2 eng 
650 4 |a green infrastructure  |2 eng 
650 4 |a revitalisation  |2 eng 
700 1 |a Zaťovičová, Miriam  |u 010160  |k Z3  |4 ths  |U SvF Stavebná fakulta  |T SvF Katedra vodného hospodárstva krajiny  |X 82407  |U V160  |Y 16  |7 82407 
856 4 |u http://is.stuba.sk/zp/portal_zp.pl?podrobnosti=168435 
856 4 |u https://opac.crzp.sk/?fn=detailBiblioForm&sid=E866CA411CD4E51491BF8069BB2C